000 01021nam a22002297a 4500
999 _c1263
_d1263
001 001655
003 CoMeUDC001655
005 20200318131146.0
008 970829s1989 00010 d
020 _a8423406148
037 _aC
040 _cCoMeUDC
092 _a658.154 M612g
100 2 0 _aMeyer, Jean
245 1 0 _aGestión presupuestaria /
_cJean Meyer
250 _a4a ed.
260 _aMadrid:
_bDeusto,
_c[1989?]
300 _a318 p.
505 _aContenido: Generalidades. La gestión presupuestaria de las ventas. La gestión presupuestaria de la distribución. La gestión presupuestaria de la producción. La gestión presupuestaria de los aprovisionamientos. La gestión presupuestaria de las inversiones. La gestión presupuestaria de la tesorería. Organización general de la empresa y gestión presupuestaria. La política general de la empresa y los documentos de síntesis. La implantación de la gestión presupuestaria
650 _aPRESUPUESTO (EMPRESAS PRIVADAS)
942 _2ddc
_cBK